北海道の市町村(1960年) - Statistics

General Stats
  • This quiz has been taken 126 times
  • The average score is 153 of 226
Answer Stats
No. 支庁 市町村 備考 % Correct
1 石狩 札幌市 1972年政令指定
98%
2 上川 旭川市
96%
3 後志 小樽市
94%
4 渡島 函館市
94%
6 釧路 釧路市
94%
7 十勝 帯広市
94%
8 網走 北見市
94%
9 空知 夕張市
94%
11 網走 網走市
94%
12 留萌 留萌市
94%
14 宗谷 稚内市
94%
5 胆振 室蘭市
91%
10 空知 岩見沢市
91%
13 胆振 苫小牧市
91%
26 空知 砂川市
91%
27 空知 歌志内市
91%
19 網走 紋別市
89%
22 空知 三笠市
89%
23 根室 根室市
89%
24 石狩 千歳市
89%
25 空知 滝川市
89%
18 空知 赤平市
87%
20 上川 士別市
87%
16 空知 芦別市
85%
17 石狩 江別市
85%
21 上川 名寄市
85%
31 石狩 石狩郡 石狩町 1996年昇格
85%
15 空知 美唄市
83%
72 上川 空知郡 上富良野町
83%
46 空知 夕張郡 栗山町
81%
50 空知 雨竜郡 深川町 1963年消滅
81%
73 上川 空知郡 中富良野村 1964年昇格
81%
74 上川 空知郡 富良野町 1966年消滅
81%
32 石狩 石狩郡 当別町
79%
36 石狩 千歳郡 恵庭町 1970年昇格
79%
69 上川 上川郡 上川町
79%
92 後志 古宇郡 泊村
79%
112 檜山 瀬棚郡 瀬棚町 2005年消滅
79%
115 渡島 松前郡 松前町
79%
184 根室 標津郡 中標津町
79%
33 石狩 石狩郡 新篠津村
77%
40 空知 空知郡 上砂川町
77%
49 空知 樺戸郡 新十津川町
77%
51 空知 雨竜郡 妹背牛町
77%
56 空知 雨竜郡 雨竜村 1961年昇格
77%
57 空知 雨竜郡 北竜村 1961年昇格
77%
59 空知 雨竜郡 幌加内町 2010年郡変更
77%
76 上川 空知郡 南富良野村 1967年昇格
77%
88 後志 余市郡 赤井川村
77%
90 後志 積丹郡 積丹町
77%
95 後志 虻田郡 倶知安町
77%
103 後志 寿都郡 寿都町
77%
105 檜山 檜山郡 江差町
77%
116 渡島 松前郡 福島町
77%
152 日高 浦河郡 浦河町
77%
158 十勝 上川郡 新得町
77%
161 十勝 河東郡 士幌村 1962年昇格
77%
162 十勝 河東郡 上士幌町
77%
165 十勝 中川郡 池田町
77%
171 十勝 広尾郡 広尾町
77%
197 網走 常呂郡 留辺蘂町 2006年消滅
77%
212 宗谷 枝幸郡 中頓別町
77%
215 宗谷 天塩郡 豊富町
77%
219 留萌 増毛郡 増毛町
77%
222 留萌 苫前郡 羽幌町
77%
225 留萌 天塩郡 天塩町
77%
30 石狩 札幌郡 広島村 1968年昇格
74%
44 空知 夕張郡 由仁町
74%
47 空知 樺戸郡 月形町
74%
48 空知 樺戸郡 浦臼町
74%
86 後志 余市郡 余市町
74%
93 後志 岩内郡 岩内町
74%
118 渡島 上磯郡 木古内町
74%
121 渡島 亀田郡 七飯町
74%
130 渡島 茅部郡 森町
74%
131 渡島 山越郡 八雲町
74%
132 渡島 山越郡 長万部町
74%
144 胆振 勇払郡 鵡川町 2006年消滅
74%
147 日高 沙流郡 平取町
74%
153 日高 様似郡 様似町
74%
167 十勝 足寄郡 足寄町
74%
168 十勝 足寄郡 陸別町
74%
175 釧路 厚岸郡 厚岸町
74%
185 根室 標津郡 標津町
74%
191 網走 斜里郡 斜里町
74%
211 宗谷 枝幸郡 浜頓別町
74%
213 宗谷 枝幸郡 枝幸町
74%
223 留萌 苫前郡 初山別村
74%
45 空知 夕張郡 長沼町
72%
64 上川 上川郡 東神楽村 1966年昇格
72%
82 上川 上川郡 下川町
72%
85 上川 中川郡 中川村 1964年昇格
72%
91 後志 古宇郡 神恵内村
72%
98 後志 虻田郡 留寿都村
72%
102 後志 寿都郡 黒松内町
72%
104 後志 島牧郡 島牧村
72%
114 檜山 瀬棚郡 今金町
72%
128 渡島 茅部郡 鹿部村 1983年昇格
72%
138 胆振 虻田郡 豊浦町
72%
140 胆振 白老郡 白老町
72%
143 胆振 勇払郡 厚真町
72%
148 日高 沙流郡 門別町 2006年消滅
72%
170 十勝 十勝郡 浦幌町
72%
172 十勝 広尾郡 大樹町
72%
177 釧路 川上郡 標茶町
72%
178 釧路 川上郡 弟子屈町
72%
181 釧路 白糠郡 白糠町
72%
186 根室 目梨郡 羅臼村 1961年昇格
72%
201 網走 紋別郡 遠軽町
72%
205 網走 紋別郡 湧別町
72%
207 網走 紋別郡 興部町
72%
208 網走 紋別郡 西興部村
72%
209 網走 紋別郡 雄武町
72%
210 宗谷 宗谷郡 猿払村
72%
221 留萌 苫前郡 苫前町
72%
224 留萌 天塩郡 遠別町
72%
226 留萌 天塩郡 幌延町 2010年郡変更
72%
52 空知 雨竜郡 秩父別町
70%
58 空知 雨竜郡 沼田町
70%
67 上川 上川郡 比布村 1962年昇格
70%
70 上川 上川郡 東川町
70%
96 後志 虻田郡 京極村 1962年昇格
70%
108 檜山 爾志郡 乙部村 1965年昇格
70%
117 渡島 上磯郡 知内村 1967年昇格
70%
133 胆振 有珠郡 伊達町 1972年昇格
70%
146 日高 沙流郡 日高村 1962年昇格
70%
157 十勝 河西郡 芽室町
70%
183 根室 野付郡 別海村 1971年昇格
70%
188 網走 網走郡 女満別町 2006年消滅
70%
193 網走 斜里郡 小清水町
70%
206 網走 紋別郡 滝上町
70%
217 宗谷 利尻郡 利尻町
70%
220 留萌 留萌郡 小平村 1966年昇格
70%
41 空知 空知郡 奈井江町
68%
77 上川 勇払郡 占冠村
68%
78 上川 上川郡 和寒町
68%
89 後志 古平郡 古平町
68%
106 檜山 檜山郡 上ノ国村 1967年昇格
68%
119 渡島 上磯郡 上磯町 2006年消滅
68%
134 胆振 有珠郡 壮瞥村 1962年昇格
68%
136 胆振 虻田郡 虻田町 2006年消滅
68%
159 十勝 上川郡 清水町
68%
163 十勝 河東郡 音更町
68%
164 十勝 中川郡 幕別町
68%
174 釧路 釧路郡 釧路村 1980年昇格
68%
190 網走 網走郡 津別町
68%
195 網走 常呂郡 訓子府町
68%
199 網走 常呂郡 常呂町 2006年消滅
68%
216 宗谷 礼文郡 礼文町
68%
35 石狩 浜益郡 浜益村 2005年消滅
66%
122 渡島 亀田郡 亀田村 1962年昇格
66%
137 胆振 虻田郡 洞爺村 2006年消滅
66%
149 日高 新冠郡 新冠村 1961年昇格
66%
155 十勝 河西郡 中札内村
66%
176 釧路 厚岸郡 浜中村 1963年昇格
66%
198 網走 常呂郡 佐呂間町
66%
28 石狩 札幌郡 手稲町 1967年消滅
64%
37 空知 空知郡 北村 2006年消滅
64%
61 上川 上川郡 鷹栖村 1969年昇格
64%
68 上川 上川郡 愛別村 1961年昇格
64%
71 上川 上川郡 美瑛町
64%
83 上川 中川郡 美深町
64%
94 後志 岩内郡 共和村 1971年昇格
64%
99 後志 虻田郡 真狩村
64%
101 後志 磯谷郡 蘭越町
64%
156 十勝 河西郡 更別村
64%
160 十勝 河東郡 鹿追町
64%
166 十勝 中川郡 本別町
64%
169 十勝 中川郡 豊頃村 1965年昇格
64%
179 釧路 阿寒郡 阿寒町 2005年消滅
64%
180 釧路 阿寒郡 鶴居村
64%
182 釧路 白糠郡 音別町 2005年消滅
64%
189 網走 網走郡 美幌町
64%
192 網走 斜里郡 清里町
64%
196 網走 常呂郡 置戸町
64%
34 石狩 厚田郡 厚田村 2005年消滅
62%
97 後志 虻田郡 喜茂別町
62%
107 檜山 檜山郡 厚沢部村 1963年昇格
62%
126 渡島 亀田郡 椴法華村 2004年消滅
62%
203 網走 紋別郡 白滝村 2005年消滅
62%
79 上川 上川郡 剣淵村 1962年昇格
60%
150 日高 静内郡 静内町 2006年消滅
60%
66 上川 上川郡 当麻町
57%
111 檜山 奥尻郡 奥尻村 1966年昇格
57%
142 胆振 勇払郡 追分町 2006年消滅
57%
113 檜山 瀬棚郡 北檜山町 2005年消滅
55%
120 渡島 亀田郡 大野町 2006年消滅
55%
135 胆振 有珠郡 大滝村 2006年消滅
55%
38 空知 空知郡 栗沢町 2006年消滅
51%
109 檜山 爾志郡 熊石村 1962年昇格
51%
124 渡島 亀田郡 戸井村 1968年昇格
51%
139 胆振 幌別郡 幌別町 1961年改称
51%
141 胆振 勇払郡 早来町 2006年消滅
51%
151 日高 三石郡 三石町 2006年消滅
51%
204 網走 紋別郡 上湧別町 2009年消滅
51%
214 宗谷 枝幸郡 歌登村 1962年昇格
51%
218 宗谷 利尻郡 東利尻町 1990年改称
51%
29 石狩 札幌郡 豊平町 1961年消滅
49%
173 十勝 広尾郡 忠類村 2006年消滅
49%
187 網走 網走郡 東藻琴村 2006年消滅
49%
63 上川 上川郡 神楽町 1968年消滅
47%
80 上川 上川郡 朝日村 1962年昇格
47%
110 檜山 久遠郡 大成村 1966年昇格
47%
127 渡島 茅部郡 南茅部町 2004年消滅
47%
129 渡島 茅部郡 砂原村 1970年昇格
45%
145 胆振 勇払郡 穂別村 1962年昇格
45%
194 網走 常呂郡 端野村 1961年昇格
45%
200 網走 紋別郡 生田原町 2005年消滅
45%
202 網走 紋別郡 丸瀬布町 2005年消滅
45%
81 上川 上川郡 風連町 2006年消滅
43%
154 日高 幌泉郡 幌泉町 1970年改称
40%
53 空知 雨竜郡 一已村 1963年消滅
36%
42 空知 空知郡 江部乙町 1971年消滅
34%
62 上川 上川郡 東旭川町 1963年消滅
32%
60 上川 上川郡 東鷹栖村 1969年昇格
30%
65 上川 上川郡 永山町 1961年消滅
30%
75 上川 空知郡 山部村 1965年昇格
30%
100 後志 虻田郡 狩太町 1964年改称
28%
39 空知 空知郡 幌向村 1962年昇格
26%
54 空知 雨竜郡 納内村 1963年消滅
23%
55 空知 雨竜郡 多度志村 1962年昇格
21%
84 上川 中川郡 常盤村 1963年改称
19%
123 渡島 亀田郡 銭亀沢村 1966年消滅
15%
87 後志 余市郡 大江村 1964年昇格
13%
43 空知 空知郡 音江村 1963年消滅
11%
125 渡島 亀田郡 尻岸内村 1964年昇格
11%
No matching quizzes found
Score Distribution
Percent of People with Each Score
Percentile by Number Answered
Your Score History
You have not taken this quiz